Score 0/30 Timer 10:00
0 Plays Today
Hint Answer % Correct
HarryPotter
100%
RonWeasley
100%
HermioneGranger
100%
GinnyWeasley
100%
RubeusHagrid
98.2%
HelgaHufflepuff
97.2%
TomRiddle
96.3%
AlastorMoody
96.3%
GodricGryffindor
96.3%
SalazarSlytherin
96.3%
MundungusFletcher
95.4%
HelenaRavenclaw
95.4%
CorneliusFudge
94.5%
HannahAbbott
92.7%
GellertGrindelwald
89.9%
Hint Answer % Correct
AngelinaJohnson
89.9%
RufusScrimgeour
87.2%
CuthbertBinns
86.2%
AntoninDolohov
84.4%
TerryBoot
83.5%
RolandaHooch
78%
WilhelminaGrubbly-Plank
74.3%
MarjorieDursley
74.3%
FloreanFortescue
74.3%
RabastanLestrange
68.8%
DirkCresswell
67.9%
BobOgden
58.7%
ThorfinnRowle
58.7%
SilvanusKettleburn
49.5%
RoseGranger-Weasley
45%
Remove Ads.
Support Sporcle.
Get the best of Sporcle when you Go Orange. This ad-free experience offers more features, more stats, and more fun while also helping to support Sporcle. Thank you for becoming a member.

You're not logged in!

Compare scores with friends on all Sporcle quizzes.
OR
Log In

Show Comments

Extras

Top Quizzes Today


Score Distribution

Your Account Isn't Verified!

In order to create a playlist on Sporcle, you need to verify the email address you used during registration. Go to your Sporcle Settings to finish the process.

Report this User

Report this user for behavior that violates our Community Guidelines.

Details: